|
|
|
|
| LEADER |
00000nam a2200000 a 4500 |
| 001 |
vtls001102861 |
| 003 |
SK-MaSNL |
| 005 |
20260301141657.0 |
| 008 |
250414s1981 xo a 0 slo |
| 015 |
|
|
|a SNBA1981/09
|
| 035 |
|
|
|a SNK000045703
|
| 040 |
|
|
|a SNK
|b slo
|c SNK
|e AACR2
|
| 041 |
0 |
|
|a slo
|
| 044 |
|
|
|a xo
|c SK
|
| 080 |
|
|
|a 885.4-93(087.5)
|2 1981
|
| 080 |
|
|
|a 885.0-93(087.5)
|2 1981
|
| 080 |
|
|
|a 398.2(=850)
|2 1981
|
| 100 |
1 |
|
|a Ferková, Hana,
|d 1927-2005
|4 aut
|9 28128
|
| 245 |
1 |
0 |
|a Honzíkove husličky
|c Hana Ferková ; ilustroval Karol Ondreička
|
| 250 |
|
|
|a 1. vyd.
|
| 260 |
|
|
|a Bratislava
|b Mladé letá
|c 1981
|e Bratislava
|f Polygrafické závody
|
| 300 |
|
|
|a 55 s., 2,80 AH
|b Ilustr.
|c 20 cm
|
| 366 |
|
|
|e 40000 výtl.
|
| 490 |
1 |
|
|a Dukátiky
|
| 500 |
|
|
|a Ilustr. na front. Pre najmenších.
|
| 650 |
0 |
7 |
|a literárne adaptácie
|2 SNKPH
|9 1426
|
| 650 |
0 |
7 |
|a literatúra pre deti a mládež
|2 SNKPH
|9 21893
|
| 655 |
|
7 |
|a ľudové rozprávky
|2 SNKPH
|9 70593
|
| 700 |
1 |
|
|a Ondreička, Karol
|4 ill
|9 277409
|
| 830 |
|
0 |
|a Dukátiky
|9 359491
|
| 852 |
|
|
|a Slovenská národná knižnica
|
| 954 |
|
|
|a rozprávky ľudové
|a literatúra pre deti a mládež
|
| 958 |
|
|
|a OND
|
| 958 |
|
|
|a DB
|
| 958 |
|
|
|a SS
|
| 958 |
|
|
|a CZ
|
| 958 |
|
|
|a LX
|
| 958 |
|
|
|a TL
|
| 958 |
|
|
|a UP
|
| 999 |
|
|
|c 767948
|d 769878
|
| 952 |
|
|
|t P60, <04>, [BOOK], {604}
|a SNK
|b SNK
|y VYP
|7 0
|p 17A0451451
|o snkSC 53263 D2
|i snkK 1525/2004
|g 2.32
|0 0
|1 0
|4 0
|d 2004-12-01
|l 0
|r 2004-12-31 00:00:00
|w 2026-02-24
|
| 952 |
|
|
|a SNK
|b SNK
|y PREZ
|7 0
|p 17A0864514
|o snkSC 53263
|0 0
|1 0
|4 0
|d 2012-08-06
|l 0
|r 2025-11-06 00:00:00
|w 2026-02-24
|
| 952 |
|
|
|a SNKLM
|b SNKLM
|y VYP
|7 0
|p 17A0540344
|o snkSC 53263 D1
|i snkKSP 7380/81
|3 rekatalogizácia
|0 0
|1 0
|4 0
|d 2007-02-19
|l 0
|r 2026-02-24 00:25:16
|w 2026-02-24
|
| 952 |
|
|
|a SNKLM
|b SNKLM
|y NEVYP
|7 0
|o snklmMK 2707
|i snklm395/81
|8 3
|0 0
|1 0
|4 0
|d 2006-01-23
|l 0
|r 2026-02-24 00:25:16
|w 2026-02-24
|